000 00570nam a2200169 a 4500
001 000038688
005 20201002031333.0
008 130418s1995 nyuabc 000 0 spa d
020 _a0198280440
040 _aDO-SdBNP
_bspa
_cBNPHU
082 _axxx
_bxxx
245 0 0 _aThe state of the world's refugees 1995 :
_bin search of solutions.
260 _aLondon ; New York :
_bOxford University press,
_c1995.
300 _a264 P. :
_bill., maps ;
_c26 cm.
504 _aBibliography: p. 259-262
710 1 2 _aOffice of the United Nations High Commissioner for Refugees
_965004
999 _c38178
_d38178